Prešov : mapa mesta 1:10 000
Na minha lista:
| Formato: | Mapa |
|---|---|
| Publicado em: |
MAPA Slovakia
|
| Edição: | 2. vyd. |
| Tags: |
Sem tags, seja o primeiro a adicionar uma tag!
|
MARC
| LEADER | 00000nem a22000003a 4500 | ||
|---|---|---|---|
| 001 | stu92583 | ||
| 005 | 20141121192314.0 | ||
| 008 | 050125s--------------------------------d | ||
| 020 | |a 8080670897 | ||
| 040 | |a STU |b slo | ||
| 041 | 0 | ||
| 245 | |a Prešov : |b mapa mesta 1:10 000 | ||
| 250 | |a 2. vyd. | ||
| 260 | |b MAPA Slovakia | ||
| 996 | |b 284AU02959 |c A*4148 U |l AAKNAR |s A |a 24 |w stu92583_0001 | ||